00610nam a2200181 a 450000500170000000800410001702000180005805000240007610000220010024500870012225000120020926000430022130000300026450000510029452100080034565000390035365000360039220140311163030.0040611s19uu xx 00 eng d a9789810698904 aQP 34.5b.M455 2008 aMarieb, Elaine N. aEssentials of human anatomy & physiology :blaboratory manual /cElaine N. Marieb. a2nd ed. aSingapore :bBenjamin Cummings,c2008. a390 p. :bill. ;c25 cm.  aIncludes bibliographical references and index. aNUR aHuman anatomyxLaboratory manuals. aPhysiologyxLaboratory manuals.